PA RO ARCHITECT 22 (Record no. 858823)

MARC details
000 -LEADER
fixed length control field 00319nam a2200133Ia 4500
008 - FIXED-LENGTH DATA ELEMENTS--GENERAL INFORMATION
fixed length control field 230822s2011 xx 000 0 und d
020 ## - INTERNATIONAL STANDARD BOOK NUMBER
International Standard Book Number 9770000000000
041 ## - LANGUAGE CODE
Language code of text/sound track or separate title eng
082 ## - DEWEY DECIMAL CLASSIFICATION NUMBER
Classification number 720.92
100 ## - MAIN ENTRY--PERSONAL NAME
Personal name CORREA C
245 ## - TITLE STATEMENT
Title PA RO ARCHITECT 22
260 ## - PUBLICATION, DISTRIBUTION, ETC.
Name of publisher, distributor, etc. ARCTURUS PUBLICATIONS LTD, LONDON
Date of publication, distribution, etc. 2011
300 ## - PHYSICAL DESCRIPTION
Extent 239

No items available.